Diseño y economía de los procesos de ingeniería química

Αποθηκεύτηκε σε:
Λεπτομέρειες βιβλιογραφικής εγγραφής
Κύριος συγγραφέας: Ulrich, Gael D (Συγγραφέας)
Μορφή: Βιβλίο
Γλώσσα:Ισπανικά
Έκδοση: Ciudad de México Interamericana 1986
Θέματα:
Ετικέτες: Προσθήκη ετικέτας
Δεν υπάρχουν, Καταχωρήστε ετικέτα πρώτοι!

MARC

LEADER 00000nam a2200000 a 4500
001 UCX8292
003 CL-VaPUC
008 940323e19860000MX |||||||||||||||||spa|d
082 0 4 |a 660.281  |b ULR  |2 21 
100 0 |a Ulrich, Gael D  |e author  |9 325387 
245 1 0 |a Diseño y economía de los procesos de ingeniería química 
300 |a 513 p 
942 |c BK 
945 |d 19940323 00:00:00  |a mfernand 
260 |a Ciudad de México  |b Interamericana  |c 1986 
650 7 |a INGENIERIA QUIMICA  |2 CL-VaPUC  |9 8 
650 0 |a Procesos químicos  |9 259436 
650 0 |a Análisis económico  |9 259939 
583 |a last modification  |c 19940323 00:00:00  |k Rodrigo Vera 
999 |c 227843  |d 227841 
952 |0 0  |1 0  |4 0  |6 660_281000000000000_ULR_1986  |7 0  |8 A  |9 227108  |a BIBING  |b BIBING  |d 2019-11-15  |i 2970465  |o 660.281 ULR 1986  |p 2970465  |r 2025-01-20  |w 2019-11-15  |y BK  |k EIB